El conde de la conquista

Spremljeno u:
Bibliografski detalji
Glavni autor: Eyzaguirre Gutiérrez, Jaime (autor)
Format: Knjiga
Jezik:španjolski
Izdano: Santiago Andrés Bello 1966
Izdanje:2a. ed
Serija:Ensayos, 8
Teme:
Oznake: Dodaj oznaku
Bez oznaka, Budi prvi tko označuje ovaj zapis!

MARC

LEADER 00000cam a2200000 a 4500
001 UCO2000
003 CL-VaPUC
008 000602e19660000CL |||||||||||||||||spa|d
082 0 4 |a 983.03  |b EYZ  |2 21 
100 |a Eyzaguirre Gutiérrez, Jaime  |e autor  |9 584583 
245 1 3 |a El conde de la conquista 
250 |a 2a. ed 
300 |a 227 p 
942 |c BK 
945 |d 20000602 00:00:00  |a crobeson 
260 |a Santiago  |b Andrés Bello  |c 1966 
600 0 7 |a TORO Y ZAMBRANO, MATEO DE  |2 CL-VaPUC  |9 443671 
650 0 |a Historia de Chile  |9 265473 
650 7 |a COLONIA  |2 CL-VaPUC  |9 444618 
651 7 |a CHILE  |2 CL-VaPUC  |9 444619 
583 |a last modification  |c 20160316 01:06:24  |k Rodrigo Vera 
490 0 |a Ensayos, 8 
999 |c 288546  |d 288544 
952 |0 0  |1 0  |4 0  |6 983_030000000000000_EYZ_1966  |7 0  |8 A  |9 336288  |a BIBHIS  |b BIBHIS  |d 2019-11-20  |i 1277235  |o 983.03 EYZ 1966  |p 1277235  |r 2025-01-20  |w 2019-11-20  |y BK  |k HIS 
952 |0 0  |1 0  |4 0  |6 983_030000000000000_EYZ_1966  |7 0  |8 A  |9 336289  |a BIBHIS  |b BIBHIS  |d 2019-11-20  |i 1277251  |o 983.03 EYZ 1966  |p 1277251  |r 2025-01-20  |w 2019-11-20  |y BK  |k HIS 
952 |0 0  |1 0  |3 erb  |4 0  |6 983_030000000000000_EYZ_1966  |7 0  |8 X  |9 336290  |a FDOBUD  |b FDOBUD  |i 5217784  |o 983.03 EYZ 1966  |p 5217784  |r 2019-11-20  |w 2019-11-20  |y BK_X  |z Catalogado en:20160316  |k BUD